• 首页
  • 本馆介绍
  • 公告通知
  • 最新文献
  • 馆藏检索
  • 电子资源
  • 读者导购
  • 参考咨询
  • 我的图书馆
  • 登录
  • 详细信息显示
  • 放入我的书架
  • 预约/预借图书
  • 作者相关作品
  • 分类相关作品
  • 丛书相关作品
  • 出版社相关作品

书目信息

  • 表格格式
  • 工作单格式
  • 卡片格式
题名:
长笛演奏技巧
    
 
作者: 蔡一宁 编著
分册:  
出版信息: 北京   现代出版社  2015
页数: 216页
开本: 29cm
丛书名: 一学就会演奏系列
单 册:
中图分类: J632.11 , J632.16
科图分类:
主题词:
电子资源:
ISBN: 978-7-5143-3439-5
000 00669nam0 2200241 450
001 2817
001 01CN11924507@CSLN
005 20161206093619.62
010    @a978-7-5143-3439-5@dCNY45.00
100    @a20150706d2015 em y0chiy50 ea
101 0  @achi
102    @aCN@b110000
105    @aag z 000yy
200 1  @a长笛演奏技巧@9chang di yan zou ji qiao@f蔡一宁编著
210    @a北京@c现代出版社@d2015
215    @a216页@c图@d29cm
225 1  @a一学就会演奏系列
330    @a长笛·吹奏法
690    @aJ632.11@v5
690    @aJ632.16@v4
701  0 @a蔡一宁@9cai yi ning@4编著
801  0 @aCN@b大连网信软件有限公司图书馆·11@c20161206
905    @aZUCC@dJ632.11@e114
    
    长笛演奏技巧/蔡一宁编著.-北京:现代出版社,2015
    216页:图;29cm.-(一学就会演奏系列)
    
    
    ISBN 978-7-5143-3439-5:CNY45.00
    长笛·吹奏法
●
相关链接 在E读中查询图书 在五车中查询图书 在当当中查询图书 在豆瓣中查询图书


正题名:长笛演奏技巧     索取号:J632.11/114         预约/预借

序号 登录号 条形码 馆藏地/架位号 状态 备注
1 911079   209110790   第一样本阅览室/ [索取号:J632.11/114] 在馆    
2 911080   209110807   第一借阅区/ [索取号:J632.11/114] 在馆    
3 911081   209110816   第一借阅区/ [索取号:J632.11/114] 在馆    
4 911082   209110825   第一借阅区/ [索取号:J632.11/114] 在馆    
5 911083   209110834   第一借阅区/ [索取号:J632.11/114] 在馆    
唐山师范学院图书馆 欢迎您!
大连网信软件有限公司© 版权所有